000
00264nam a22001097a 4500
008
170126b xxu||||| |||| 00| 0 eng d
020
_a
9781416056270
041
_a
eng
080
_2
7TH
_a
61
245
_a
BUILDING A MEDICAL VOCABULARY
_c
LEONARD, P.C
942
_2
udc
_c
BK
999
_c
3757
_d
3757